00914nam a22002177a 45000050016000000100017000160200023000330350017000560370022000730820017000951000029001122450110001412600035002512700072002863000030003585000066003886500049004546500057005038560068005608560068006282011080103073.0 aB-423770-772 a0415401151c595.00 aB-423770-772 bAllied Publishers a909.097670811 aLaisram, Pallavi Pandit.10aViewing the Islamic Orient :bBritish travel writers of the nineteenth century /cPallavi Pandit Laisram. aNew Delhi :bRoutledge,c2006. a512, Mercantile House, 15, Kasturba Gandhi Marg,bNew Delhie110001 aix, 253 p. ;c22 cm. (Hb) aIncludes bibliographical references (p. [233]-243) and index. 0aOrientalismzEnglandxHistoryy19th century. 0aTravelers' writings, BritishxHistory and criticism.42uhttp://www.loc.gov/catdir/enhancements/fy0909/2006448252-d.html42uhttp://www.loc.gov/catdir/enhancements/fy1006/2006448252-b.html